| 000 | 00889cam a2200241u 4500 | ||
|---|---|---|---|
| 999 |
_c20194 _d20194 |
||
| 001 | 10236362 | ||
| 003 | BDDh-ASL | ||
| 005 | 20231015025845.0 | ||
| 008 | 821029m19621957enk 000 0 eng | ||
| 010 | _a 50009162 | ||
| 040 |
_aDLC _cCarP _dDLC _dBDDh-ASL |
||
| 050 | 0 | 0 |
_aDS38 _b.G485 |
| 082 |
_a297 _bGII |
||
| 100 | 1 |
_aGibb, H. A. R. _q(Hamilton Alexander Rosskeen), _d1895-1971. |
|
| 245 | 0 | 0 |
_aIslamic society and the West, Volume-1, Part-2: _ba study of the impact of western civilization on Moslem culture in the Near East/ |
| 260 |
_aLondon: _aNew York, _bOxford University Press, _c1962. |
||
| 300 |
_a285 p.: _c23 cm. |
||
| 504 | _aInclude Bibliographical References and Index | ||
| 650 | 0 |
_aIslamic civilization _xWestern influences. |
|
| 700 | 1 |
_aBowen, Harold, [from old catalog] _ejoint author. |
|
| 906 |
_a0 _bcbc _cpremunv _du _encip _f19 _gy-gencatlg |
||
| 942 |
_2ddc _cBK |
||